Modern economics : an introduction
Αποθηκεύτηκε σε:
| Κύριος συγγραφέας: | |
|---|---|
| Άλλοι συγγραφείς: | |
| Μορφή: | Βιβλίο |
| Γλώσσα: | English |
| Δημοσίευση: |
Basingstoke :
Palgrave Macmillan,
c2007
|
| Έκδοση: | 8th ed. |
| Θέματα: | |
| Ετικέτες: |
Προσθήκη ετικέτας
Δεν υπάρχουν, Καταχωρήστε ετικέτα πρώτοι!
|
MARC
| LEADER | 00000nam a2200000 i 4500 | ||
|---|---|---|---|
| 001 | 1/97218 | ||
| 008 | 081113r20071969 eng d | ||
| 020 | |a 978-0-230-55129-9 (pbk.) | ||
| 020 | |a 0-230-55129-7 | ||
| 035 | |l 10101630 | ||
| 040 | |a GR-MY-UA |b gre |e aacr | ||
| 041 | 0 | |a eng | |
| 082 | 0 | |a 330 |2 (22) | |
| 100 | 1 | |a Harvey, J. (Jack) |d 1917- | |
| 245 | 1 | 0 | |a Modern economics : |b an introduction / |c Jack Harvey and Ernie Jowsey |
| 250 | |a 8th ed. | ||
| 260 | |a Basingstoke : |b Palgrave Macmillan, |c c2007 | ||
| 300 | |a xxi, 562 σ.; |b σχ.; |c 24 εκ. | ||
| 504 | |a Περιλαμβάνει ευρετήριο | ||
| 650 | 0 | 0 | |a Economics. |
| 700 | 1 | |a Jowsey, Ernie. | |
| 852 | |a INST |b CHIOS |e 20081113 |h 330 HAR |p 005200030765 |q 005200030765 |t BK |y 0 | ||
| 901 | |a BIBL2-2008-3 | ||
| 909 | |a Χ |b 153780 | ||
| 922 | |a 2ΕΛΗ |b 200809 |c ΕΠΕΑΕΚ2/ΤΔΕ |d Ι. ΜΙΧΑΛΟΠΟΥΛΟΣ | ||
| 970 | |a ΒΑΣΙΛΑΚΗ |b ΝΙΚΗ |z 2008/11/13 | ||